Comedias

Uloženo v:
Podrobná bibliografie
Hlavní autor: Vega, Lope de (Autor)
Médium: Kniha
Jazyk:španělština
Vydáno: Barcelona Iberia 1967
Edice:Obras Maestras
Témata:
Tagy: Přidat tag
Žádné tagy, Buďte první, kdo vytvoří štítek k tomuto záznamu!

MARC

LEADER 00000nam a2200000 a 4500
001 UCO5520
003 CL-VaPUC
008 000908e19670000SP |||||||||||||||||spa|d
082 0 4 |a 862  |b VEG  |2 21 
100 0 |a Vega, Lope de  |e author  |9 319628 
245 1 0 |a Comedias 
300 |a v 
942 |c BK 
945 |d 20000908 00:00:00  |a crobeson 
260 |a Barcelona  |b Iberia  |c 1967 
500 |a v.1: El villano en su rincón. El amor enamorado. Lo fingido verdadero. El castigo sin venganza 
500 |a v.2: Peribáñez y el comendador de Ocaña. Fuenteovejuna. El caballero de Olmedo. La discreta enamorada. Arte nuevo de hacer comedias. Catálogo de la obras teatrales de Lope 
650 7 |a COMEDIAS ESPAÑOLAS  |2 CL-VaPUC  |9 450224 
650 0 |a Literatura española  |9 306261 
583 |a last modification  |c 20000908 00:00:00  |k Rodrigo Vera 
490 0 |a Obras Maestras 
999 |c 291377  |d 291375 
952 |0 0  |1 0  |4 0  |6 862_000000000000000_VEG_1967  |7 0  |8 A  |9 341202  |a BIBART  |b BIBART  |d 2019-11-20  |h v.1  |i 1221221  |o 862 VEG 1967  |p 1221221  |r 2025-03-13  |w 2019-11-20  |y BK  |k ART 
952 |0 0  |1 0  |4 0  |6 862_000000000000000_VEG_1967  |7 0  |8 A  |9 341203  |a BIBART  |b BIBART  |d 2019-11-20  |h v.2  |i 1221779  |o 862 VEG 1967  |p 1221779  |r 2025-03-13  |w 2019-11-20  |y BK  |k ART